| 000 | 00419nam a22001697a 4500 | ||
|---|---|---|---|
| 003 | NUST - PNEC | ||
| 005 | 20170116180838.0 | ||
| 008 | 150815b xxu||||| |||| 00| 0 eng d | ||
| 020 | _a8172450109 | ||
| 040 | _cLIBRARY | ||
| 082 | _a428.3 PHI | ||
| 100 |
_95184 _aPhillips, Sam |
||
| 245 |
_aCommon mistakes in english _cSam Phillips |
||
| 260 | _c- | ||
| 650 |
_95186 _aEnglish language _xGeneral |
||
| 942 |
_2ddc _cBK |
||
| 999 |
_c64318 _d64318 |
||